00319nam a2200121Ia 4500008004100000082001900041100001600060245004400076250000800120260004500128300000800173650001600181191201s2004 xx 000 0 und d a621.38758bJAD aJAMWAL, K S 0aDigital Electronics and Microprocessors a4th aN.DelhibDhanpat Rai Pubns (P) Ltdc2004 a478 aB.Tech(ECE)